WNBA Team Logos - Statistics

General Stats
  • This quiz has been taken 1,828 times
    740 since last reset
  • The average score is 10 of 15
Answer Stats
Picture Answer % Correct
Chicago Sky
87%
Minnesota Lynx
86%
Dallas Wings
83%
Las Vegas Aces
82%
Indiana Fever
81%
New York Liberty
80%
Phoenix Mercury
75%
Los Angeles Sparks
72%
Seattle Storm
72%
Connecticut Sun
66%
Atlanta Dream
65%
Washington Mystics
55%
Golden State Valkyries
52%
Toronto Tempo
46%
Portland Fire
39%
No matching quizzes found
Score Distribution
Percent of People with Each Score
Percentile by Number Answered
Your Score History
You have not taken this quiz since the last reset